[Event "Laval op"]
[Site "Laval CAN"]
[Date "2022.06.25"]
[Round "2.9"]
[White "Shi, Michael"]
[Black "Ouellet, Maili-Jade"]
[Result "0-1"]
[WhiteElo "1573"]
[BlackElo "2212"]
[PlyCount "152"]
[EventDate "2022.06.24"]
[EventType "swiss"]
[EventRounds "5"]
[EventCountry "CAN"]

1. e4 c5 2. Nf3 d6 3. Bb5+ Nd7 4. O-O a6 5. Bxd7+ Bxd7 6. d4 cxd4 7. Qxd4 e5 8.
Qd3 h6 9. c4 b5 10. Nc3 Qb6 11. Be3 Qb7 12. Rac1 Nf6 13. Nd2 Be7 14. Rfd1 O-O
15. f3 Rfc8 16. Nb3 b4 17. Nb1 Be6 18. N1d2 a5 19. Nf1 Rc6 20. Bf2 Nd7 21. Ne3
Bg5 22. h4 Bxe3 23. Bxe3 a4 24. Nd2 Rac8 25. b3 Ra8 26. Rc2 Ra5 27. Nb1 Nb8 28.
c5 axb3 29. axb3 Qb5 30. Qxb5 Rxb5 31. Rxd6 Bxb3 32. Rb2 Bc4 33. Rd8+ Kh7 34.
Nc3 Rb7 35. Nd5 b3 36. Nb6 Be6 37. Rd3 Na6 38. Nd5 Nxc5 39. Bxc5 Rxc5 40. Rbxb3
Rxb3 41. Rxb3 Bxd5 42. exd5 Rxd5 43. Kf2 Kg6 44. g4 h5 45. Rb6+ f6 46. Rb7 hxg4
47. fxg4 Rd3 48. Kg2 Kh7 49. Rc7 Kg8 50. Rb7 Kf8 51. Ra7 Rd4 52. Kf3 g6 53. Rb7
f5 54. gxf5 gxf5 55. Rb5 Re4 56. Ra5 Kg7 57. Kg3 Kh6 58. Ra8 Re3+ 59. Kf2 f4
60. Rh8+ Kg7 61. Rh5 Kg6 62. Rh8 Kg7 63. Rh5 Kf6 64. Rh8 Rh3 65. Kg2 Rg3+ 66.
Kf2 e4 67. Rf8+ Ke5 68. Re8+ Kf5 69. Rf8+ Kg4 70. Rg8+ Kh3 71. Rf8 Rf3+ 72. Ke2
Kxh4 73. Rh8+ Kg4 74. Rg8+ Kh3 75. Rh8+ Kg2 76. Rg8+ Rg3 0-1

[Event "Laval op"]
[Site "Laval CAN"]
[Date "2022.06.25"]
[Round "2.10"]
[White "Zhu, Hong Rui"]
[Black "Duplessis, Claude"]
[Result "1-0"]
[WhiteElo "2210"]
[BlackElo "1551"]
[PlyCount "57"]
[EventDate "2022.06.24"]
[EventType "swiss"]
[EventRounds "5"]
[EventCountry "CAN"]

1. e4 e5 2. Nf3 Nc6 3. d4 exd4 4. Bc4 Bb4+ 5. c3 dxc3 6. bxc3 Ba5 7. O-O d6 8.
Qb3 Qe7 9. e5 d5 10. Bxd5 Bb6 11. Ba3 Na5 12. Qa4+ Bd7 13. Qe4 Bc5 14. Bxf7+
Kxf7 15. Qd5+ Be6 16. Qxc5 Qxc5 17. Bxc5 h6 18. Nbd2 Ne7 19. Nd4 Nd5 20. Bb4
Nxb4 21. cxb4 Nc4 22. Rfc1 Nxe5 23. Rxc7+ Nd7 24. Re1 Rhe8 25. Nxe6 Rxe6 26.
Rxd7+ Kf6 27. Rxe6+ Kxe6 28. Rxb7 Rd8 29. Nf1 1-0

[Event "Laval op"]
[Site "Laval CAN"]
[Date "2022.06.25"]
[Round "2.11"]
[White "Zhang, Brian"]
[Black "Saha, Ananda"]
[Result "0-1"]
[WhiteElo "1295"]
[BlackElo "2060"]
[PlyCount "62"]
[EventDate "2022.06.24"]
[EventType "swiss"]
[EventRounds "5"]
[EventCountry "CAN"]

1. e4 e6 2. d4 d5 3. Nc3 Nf6 4. e5 Nfd7 5. f4 c5 6. Nf3 Nc6 7. Be3 cxd4 8. Nxd4
Bc5 9. Qd2 a6 10. O-O-O O-O 11. h4 Bxd4 12. Bxd4 b5 13. Rh3 b4 14. Na4 Qa5 15.
b3 Nxd4 16. Qxd4 Bb7 17. c3 Rfc8 18. Kb2 bxc3+ 19. Rxc3 Rxc3 20. Nxc3 Bc6 21.
a4 Rb8 22. Ka3 Qd8 23. g3 Qe7+ 24. b4 a5 25. Nb5 Bxb5 26. Bxb5 Rc8 27. Kb3 Nb6
28. bxa5 Nc4 29. Qa1 Nxa5+ 30. Kb2 Qb4+ 31. Ka2 Qb3# 0-1

[Event "Laval op"]
[Site "Laval CAN"]
[Date "2022.06.25"]
[Round "2.12"]
[White "Lopez Linares, Lizandro"]
[Black "Liu, Kevin"]
[Result "1-0"]
[WhiteElo "2056"]
[BlackElo "1579"]
[PlyCount "155"]
[EventDate "2022.06.24"]
[EventType "swiss"]
[EventRounds "5"]
[EventCountry "CAN"]

1. d4 d5 2. Nf3 Nf6 3. c4 e6 4. Nc3 b6 5. Bg5 Be7 6. Rc1 Nbd7 7. cxd5 exd5 8.
Bxf6 Nxf6 9. Qa4+ Bd7 10. Qb3 c6 11. Ne5 O-O 12. e3 Rc8 13. Ba6 Rc7 14. O-O Bc8
15. Be2 c5 16. dxc5 bxc5 17. Rfd1 Be6 18. Qa4 Rb7 19. b3 Qd6 20. Nc6 Bd7 21.
Nxe7+ Qxe7 22. Qa6 Be6 23. Bf3 Rd7 24. Na4 Rc7 25. h3 Rb8 26. Qa5 Rbc8 27. Rd2
g6 28. Nc3 Rd7 29. Rcd1 Rcd8 30. Qa3 Qd6 31. Nxd5 Nxd5 32. Bxd5 Qe5 33. e4 Bxd5
34. exd5 Rxd5 35. Rxd5 Rxd5 36. Rxd5 Qxd5 37. Qxa7 Qd1+ 38. Kh2 Qd6+ 39. g3 Qd4
40. Qa8+ Kg7 41. Kg2 Qb4 42. Qd5 Qa5 43. a4 Qb4 44. h4 Kf8 45. Qc4 Qb7+ 46. Kf1
Qa7 47. Qb5 Ke7 48. Ke2 Kd6 49. Kd3 Qe7 50. a5 Qe1 51. Qb6+ Kd5 52. Qd8+ Kc6
53. Qf6+ Kd5 54. Qxf7+ Kc6 55. Qf6+ Kd5 56. Qd8+ Kc6 57. Qb6+ Kd5 58. Qb7+ Kd6
59. Qa6+ Ke5 60. f4+ Kd5 61. Qb7+ Kd6 62. Qb6+ Kd5 63. Qd8+ Kc6 64. Qf6+ Kd7
65. Qg7+ Kc6 66. Qf6+ Kd7 67. a6 Qf1+ 68. Ke3 Qg1+ 69. Kd2 Qf2+ 70. Kc3 Qe1+
71. Kc4 Qb4+ 72. Kd5 Qxb3+ 73. Kxc5 Qa3+ 74. Kb6 Qb4+ 75. Ka7 Qc5+ 76. Qb6 Qc7+
77. Qxc7+ Kxc7 78. g4 1-0

[Event "Laval op"]
[Site "Laval CAN"]
[Date "2022.06.25"]
[Round "2.13"]
[White "Tsukerman, Julia"]
[Black "Libersan, Thierry"]
[Result "0-1"]
[WhiteElo "1523"]
[BlackElo "1968"]
[PlyCount "70"]
[EventDate "2022.06.24"]
[EventType "swiss"]
[EventRounds "5"]
[EventCountry "CAN"]

1. e4 c5 2. Nf3 e6 3. d4 cxd4 4. Nxd4 Nc6 5. Nc3 a6 6. Be3 Qc7 7. Qf3 Nf6 8.
O-O-O Bb4 9. Nxc6 Qxc6 10. Bd4 Bxc3 11. Bxc3 Qxe4 12. Qxe4 Nxe4 13. Bxg7 Rg8
14. Bd4 b5 15. f3 Nd6 16. Bf2 Nf5 17. g4 Ne7 18. Be2 Bb7 19. Bg3 Rc8 20. Kd2
Rg5 21. c3 b4 22. Rc1 Rd5+ 23. Bd3 bxc3+ 24. Rxc3 Rxc3 25. Kxc3 Ra5 26. Rf1 h6
27. a3 Rc5+ 28. Kd4 Rd5+ 29. Ke3 Rc5 30. Kd4 d6 31. b4 e5+ 32. Ke3 Rc3 33. a4
Bc6 34. Ke2 Bxa4 35. Be1 Rxd3 0-1

[Event "Laval op"]
[Site "Laval CAN"]
[Date "2022.06.25"]
[Round "2.14"]
[White "Kot, Emanuel"]
[Black "Mok, Yuen Tak"]
[Result "1-0"]
[WhiteElo "1872"]
[BlackElo "1839"]
[PlyCount "117"]
[EventDate "2022.06.24"]
[EventType "swiss"]
[EventRounds "5"]
[EventCountry "CAN"]

1. e4 c6 2. d4 d5 3. Nc3 dxe4 4. Nxe4 Nf6 5. Nxf6+ exf6 6. c3 Bd6 7. Bd3 O-O 8.
Qc2 Re8+ 9. Ne2 h5 10. O-O h4 11. Nf4 Nd7 12. Qd1 Nf8 13. Qh5 f5 14. Bc4 Qf6
15. Nh3 Be6 16. Bxe6 Nxe6 17. Ng5 Qg6 18. Qxg6 fxg6 19. Rb1 Nf4 20. Bxf4 Bxf4
21. Nf3 g5 22. Rfe1 Kf7 23. g3 hxg3 24. hxg3 Bc7 25. Nxg5+ Kf6 26. Nf3 Rad8 27.
Kf1 Rh8 28. Kg2 Rhe8 29. Rxe8 Rxe8 30. Re1 Rh8 31. Nd2 Rd8 32. Nb3 b6 33. Kf3
Bd6 34. Rd1 Bc7 35. g4 g6 36. gxf5 gxf5 37. Rh1 Kg6 38. Ke2 Bf4 39. Kd3 Rd7 40.
Rh8 Rc7 41. a4 Kf6 42. a5 Ke6 43. a6 Rg7 44. Ra8 Rh7 45. Kc4 Rg7 46. Na1 Bd6
47. Nc2 f4 48. Ne1 Rh7 49. f3 Rh1 50. Nd3 Ra1 51. Rxa7 Ra5 52. Nf2 b5+ 53. Kb3
Kd5 54. Ne4 c5 55. dxc5 Bxc5 56. Nxc5 Kxc5 57. Rf7 Rxa6 58. Rf5+ Kb6 59. Rf6+
1-0

[Event "Laval op"]
[Site "Laval CAN"]
[Date "2022.06.25"]
[Round "2.15"]
[White "Dumoulin, Sylvain"]
[Black "Wang, Isabelle"]
[Result "0-1"]
[WhiteElo "1667"]
[BlackElo "1520"]
[PlyCount "56"]
[EventDate "2022.06.24"]
[EventType "swiss"]
[EventRounds "5"]
[EventCountry "CAN"]

1. Nc3 e5 2. Nf3 Nc6 3. d4 exd4 4. Nxd4 d5 5. Bf4 Bb4 6. Nxc6 Bxc3+ 7. bxc3
bxc6 8. Qd4 Nf6 9. Qe5+ Be6 10. Qxc7 Qxc7 11. Bxc7 Bf5 12. e3 Bxc2 13. c4 Kd7
14. Ba5 Rab8 15. f3 Rb7 16. Kd2 Bg6 17. Bc3 Ke6 18. Bd3 Rd8 19. c5 Bxd3 20.
Kxd3 Rb5 21. Bd4 g5 22. Rhb1 Rdb8 23. Rxb5 Rxb5 24. a4 Rb4 25. a5 a6 26. Ra2
Nd7 27. Rb2 Rxb2 28. Bxb2 Nxc5+ 0-1

[Event "Laval op"]
[Site "Laval CAN"]
[Date "2022.06.25"]
[Round "2.16"]
[White "Laroche, Hugo"]
[Black "Bain-Thouverez, Aurelien"]
[Result "1-0"]
[WhiteElo "1635"]
[BlackElo "1849"]
[PlyCount "105"]
[EventDate "2022.06.24"]
[EventType "swiss"]
[EventRounds "5"]
[EventCountry "CAN"]

1. d4 d5 2. Bf4 c5 3. e3 Nc6 4. c3 Nf6 5. Nf3 g6 6. Bd3 Qb6 7. Qc2 Bg7 8. Nbd2
O-O 9. h3 Bd7 10. Rb1 Rac8 11. Qd1 Rfe8 12. O-O a6 13. Re1 Qa7 14. Bc2 b5 15.
Nb3 c4 16. Nc5 Nb8 17. a4 Bc6 18. axb5 axb5 19. Ra1 Qb6 20. Ne5 Ne4 21. Bxe4
dxe4 22. Nxc6 Qxc6 23. Bxb8 Rxb8 24. Ra6 Qd5 25. Qa1 Bf8 26. Ra7 Red8 27. Na6
Rb7 28. Nb4 Qd7 29. Ra6 Rc8 30. Qa5 e6 31. Ra1 Bxb4 32. Qxb4 Rcb8 33. Qc5 h5
34. Qe5 Qd5 35. Qxd5 exd5 36. Rd6 b4 37. Rxd5 bxc3 38. bxc3 Rb1+ 39. Rxb1 Rxb1+
40. Kh2 Rc1 41. Rc5 Rxc3 42. Kg3 Rc2 43. f3 h4+ 44. Kxh4 Rxg2 45. fxe4 Kh7 46.
Rxc4 f6 47. Rc6 Kg7 48. d5 Rg1 49. Re6 Re1 50. e5 f5 51. d6 Kf7 52. Re7+ Kf8
53. Kg5 1-0

[Event "Laval op"]
[Site "Laval CAN"]
[Date "2022.06.25"]
[Round "2.17"]
[White "Efpraxiadis, Jean"]
[Black "Baran, Marius"]
[Result "1/2-1/2"]
[WhiteElo "1624"]
[BlackElo "1612"]
[PlyCount "79"]
[EventDate "2022.06.24"]
[EventType "swiss"]
[EventRounds "5"]
[EventCountry "CAN"]

1. e4 d5 2. exd5 Nf6 3. Nc3 Nxd5 4. Nxd5 Qxd5 5. Ne2 e5 6. Nc3 Qd8 7. Bc4 Bd6
8. d4 O-O 9. dxe5 Bxe5 10. Qxd8 Rxd8 11. Bd2 Nc6 12. O-O-O Bf5 13. Bg5 Rxd1+
14. Rxd1 h6 15. Be3 Rd8 16. Rxd8+ Nxd8 17. h3 a6 18. g4 Be6 19. Bxe6 Nxe6 20.
Nd5 Bd6 21. h4 c6 22. Nc3 Be7 23. h5 Kh7 24. Ne4 g6 25. Ng3 Bh4 26. Kd2 Ng7 27.
hxg6+ fxg6 28. Ke2 h5 29. gxh5 gxh5 30. Kf3 Kg6 31. c4 Nf5 32. Bf4 Bf6 33. b3
Nxg3 34. fxg3 Kf5 35. Bb8 Bd4 36. Bf4 Bc5 37. Bb8 b5 38. cxb5 cxb5 39. a4 bxa4
40. bxa4 1/2-1/2

[Event "Laval op"]
[Site "Laval CAN"]
[Date "2022.06.25"]
[Round "2.18"]
[White "Robichaud, Louis"]
[Black "Jiang, Barron Jiyu"]
[Result "1-0"]
[WhiteElo "2038"]
[BlackElo "1527"]
[PlyCount "65"]
[EventDate "2022.06.24"]
[EventType "swiss"]
[EventRounds "5"]
[EventCountry "CAN"]

1. e4 c5 2. d3 Nc6 3. f4 d6 4. Nf3 g6 5. Be2 Bg7 6. c3 e6 7. O-O Nge7 8. Na3
O-O 9. Be3 a6 10. g4 f5 11. gxf5 gxf5 12. Ng5 b6 13. Rf3 d5 14. e5 d4 15. Bd2
h6 16. Nh3 dxc3 17. bxc3 Kh7 18. Rg3 b5 19. Qf1 Bb7 20. Bf3 Nd5 21. Nc2 Qe7 22.
Kh1 b4 23. c4 Nb6 24. Qg2 Rf7 25. Bxc6 Rb8 26. Rg1 Na4 27. Bxb7 Rxb7 28. d4 Qd7
29. d5 Nb6 30. Rd3 Nxc4 31. Bc1 Qc7 32. dxe6 Re7 33. Qg6+ 1-0

[Event "Laval op"]
[Site "Laval CAN"]
[Date "2022.06.25"]
[Round "2.19"]
[White "Batorshyn, Ilia"]
[Black "Sonn, Eric"]
[Result "1-0"]
[WhiteElo "1857"]
[BlackElo "1123"]
[PlyCount "73"]
[EventDate "2022.06.24"]
[EventType "swiss"]
[EventRounds "5"]
[EventCountry "CAN"]

1. e4 c5 2. Nc3 e6 3. Nge2 Nc6 4. g3 a6 5. a4 g6 6. Bg2 Bg7 7. O-O Nge7 8. d3
O-O 9. Be3 Nd4 10. f4 d6 11. g4 Rb8 12. Bxd4 cxd4 13. Nb1 b5 14. axb5 Rxb5 15.
b3 Qc7 16. Na3 Ra5 17. Qe1 Nc6 18. Ng3 Rc5 19. b4 Rc3 20. Ne2 Rxa3 21. Rxa3 Na7
22. Ra2 Nb5 23. f5 exf5 24. gxf5 gxf5 25. exf5 Qe7 26. Ng3 Qe3+ 27. Qxe3 dxe3
28. f6 Bh6 29. Ne2 Bg4 30. Bf3 Bh3 31. Re1 Bg5 32. Rxa6 Bxf6 33. c4 Nd4 34.
Nxd4 Bxd4 35. Rxd6 Bc3 36. Rxe3 Bxb4 37. Rd5 1-0

[Event "Laval op"]
[Site "Laval CAN"]
[Date "2022.06.25"]
[Round "2.20"]
[White "Page, Dany"]
[Black "Xu, Daniel"]
[Result "0-1"]
[WhiteElo "1543"]
[BlackElo "1846"]
[PlyCount "58"]
[EventDate "2022.06.24"]
[EventType "swiss"]
[EventRounds "5"]
[EventCountry "CAN"]

1. Nf3 Nf6 2. g3 g6 3. c4 Bg7 4. Bg2 O-O 5. O-O d6 6. d4 Nc6 7. Nc3 a6 8. e4
Bg4 9. h3 Bxf3 10. Bxf3 e5 11. d5 Nd4 12. Bg2 Nd7 13. Be3 c5 14. dxc6 bxc6 15.
Rb1 a5 16. Na4 Qc7 17. Qd2 Rab8 18. b3 f5 19. f4 fxe4 20. Bxe4 Nf6 21. Bg2 Nf5
22. Bf2 exf4 23. Qxf4 Nh5 24. Qg4 Be5 25. Qe4 Nhxg3 26. Qxc6 Ne2+ 27. Kh1 Nfg3+
28. Bxg3 Nxg3+ 29. Kg1 Bd4+ 0-1

[Event "Laval op"]
[Site "Laval CAN"]
[Date "2022.06.25"]
[Round "2.21"]
[White "Wang, Derek"]
[Black "Mercure, Gilbert"]
[Result "1-0"]
[WhiteElo "1471"]
[BlackElo "1732"]
[PlyCount "134"]
[EventDate "2022.06.24"]
[EventType "swiss"]
[EventRounds "5"]
[EventCountry "CAN"]

1. Nf3 d5 2. c4 d4 3. b4 c5 4. Bb2 f6 5. d3 Bg4 6. Nbd2 e5 7. b5 a6 8. a4 Bd6
9. g3 Nd7 10. Bg2 h5 11. h4 Qc8 12. Qb3 Nh6 13. Nh2 Be6 14. bxa6 bxa6 15. Bxa8
Qxa8 16. f3 Nf5 17. Ne4 Bc7 18. Ba3 Ba5+ 19. Kf2 Qc6 20. Rhb1 Nd6 21. Nxd6+
Qxd6 22. Qb7 O-O 23. Qb3 Bc3 24. Bb2 Bb4 25. Rg1 Bd2 26. Bc1 Rb8 27. Qc2 Bb4
28. Bd2 a5 29. Nf1 e4 30. Bxb4 e3+ 31. Kg2 cxb4 32. Nh2 Nc5 33. Rgb1 Bd7 34.
Rb2 Qe6 35. Nf1 Rb6 36. Qd1 Qh3+ 37. Kg1 g5 38. Qe1 gxh4 39. gxh4 Ne6 40. Qg3+
Qxg3+ 41. Nxg3 Nf4 42. Ne4 Kf7 43. Nc5 Be6 44. Nb3 Rb8 45. Nxd4 Rg8+ 46. Kh1
Bd7 47. Rg1 Rd8 48. Nb5 Bc8 49. c5 Nh3 50. Nd6+ Ke6 51. Rf1 Kd5 52. Nc4 Kd4 53.
Nxa5 Kc3 54. Nc4 Kd4 55. Rxb4 Kxc5 56. Rb5+ Kd4 57. Rc1 Nf2+ 58. Kh2 Nxd3 59.
exd3 e2 60. Rbb1 Bd7 61. a5 Ba4 62. a6 Kxd3 63. Nb2+ Ke3 64. Nxa4 Rd4 65. a7
Kf2 66. Kh3 Rxa4 67. Ra1 Rf4 1-0

[Event "Laval op"]
[Site "Laval CAN"]
[Date "2022.06.25"]
[Round "2.22"]
[White "Adam, Rafael"]
[Black "Masse-Garneau, Anthony"]
[Result "1-0"]
[WhiteElo "1722"]
[BlackElo "1596"]
[PlyCount "137"]
[EventDate "2022.06.24"]
[EventType "swiss"]
[EventRounds "5"]
[EventCountry "CAN"]

1. d4 d5 2. c4 e6 3. Nf3 Nf6 4. g3 Be7 5. Bg2 O-O 6. O-O Nbd7 7. b3 c6 8. Nbd2
b6 9. Bb2 Bb7 10. Qc2 Re8 11. Rfd1 Rc8 12. e4 dxe4 13. Ng5 h6 14. Ngxe4 Nxe4
15. Nxe4 Nf6 16. Rac1 Qc7 17. f4 Nxe4 18. Qxe4 Bf6 19. b4 Qe7 20. c5 Red8 21.
a3 Rd7 22. Rd2 Rcd8 23. b5 bxc5 24. bxc6 Ba8 25. Rdc2 Bxd4+ 26. Bxd4 Rxd4 27.
Qe2 Qd6 28. Rxc5 Rd2 29. Qe3 Rc8 30. h3 Rd3 31. Qf2 Rd2 32. Qe3 Rd3 33. Qe1 g6
34. Kh2 Kg7 35. a4 Rc7 36. Qb4 Rd2 37. Qc3+ Qd4 38. a5 Qxc3 39. R1xc3 Ra2 40.
Kh1 Ra1+ 41. Kh2 Ra2 42. g4 Kf6 43. Kg3 Ke7 44. Rd3 Rb2 45. Rc1 Rb8 46. Rdc3
Rbc8 47. h4 Kd6 48. Rd1+ Ke7 49. Rdc1 Kd6 50. Rd3+ Ke7 51. Rb3 Bxc6 52. Bxc6
Rxc6 53. Rb7+ Ke8 54. Rxc6 Rxc6 55. Rxa7 Rc3+ 56. Kf2 Ra3 57. a6 Ra2+ 58. Ke3
Ra4 59. g5 hxg5 60. hxg5 Ra1 61. Kd4 Rf1 62. Ke5 Re1+ 63. Kf6 Rf1 64. Ra8+ Kd7
65. a7 Rxf4+ 66. Kg7 Ra4 67. Rf8 e5 68. Kf6 e4 69. a8=Q 1-0

[Event "Laval op"]
[Site "Laval CAN"]
[Date "2022.06.25"]
[Round "2.23"]
[White "Sekki, Abderaouf"]
[Black "Guipi Bopala, Prince Eric jr"]
[Result "1-0"]
[WhiteElo "1934"]
[BlackElo "1668"]
[PlyCount "63"]
[EventDate "2022.06.24"]
[EventType "swiss"]
[EventRounds "5"]
[EventCountry "CAN"]

1. d4 d5 2. c4 e6 3. Nc3 Be7 4. Nf3 Nf6 5. Bf4 O-O 6. e3 c5 7. dxc5 Bxc5 8. Qc2
Nc6 9. a3 Qa5 10. O-O-O Be7 11. h4 a6 12. Ng5 dxc4 13. Bxc4 b5 14. Nce4 g6 15.
Nxf6+ Bxf6 16. Nxh7 Kxh7 17. h5 Kg8 18. hxg6 Bg7 19. gxf7+ Kxf7 20. Qf5+ Ke8
21. Qg6+ Rf7 22. Bxe6 Bxe6 23. Qxe6+ Ne7 24. Qd7+ Kf8 25. Bc7 Bxb2+ 26. Kxb2
Rxf2+ 27. Kb1 Qc3 28. Rd2 Rxd2 29. Rf1+ Kg8 30. Qe6+ Kh7 31. Qf7+ Kh6 32. Bf4#
1-0

[Event "Laval op"]
[Site "Laval CAN"]
[Date "2022.06.25"]
[Round "2.25"]
[White "Liao, David"]
[Black "Wang, Rachel"]
[Result "1-0"]
[WhiteElo "1548"]
[BlackElo "1545"]
[PlyCount "85"]
[EventDate "2022.06.24"]
[EventType "swiss"]
[EventRounds "5"]
[EventCountry "CAN"]

1. d4 d5 2. Nf3 Nf6 3. Bf4 c5 4. e3 e6 5. Nc3 c4 6. Be2 Bb4 7. O-O Bxc3 8. bxc3
Ne4 9. Qe1 Qa5 10. Nd2 Nxc3 11. f3 Nc6 12. Bd6 Qd8 13. Bf4 O-O 14. Nb1 Nxe2+
15. Qxe2 b5 16. a3 a5 17. Nc3 Ba6 18. Rfb1 b4 19. Na4 c3 20. Qe1 Qe7 21. Qg3
Qf6 22. Nb6 Ra7 23. Bd6 Nxd4 24. exd4 Qxd4+ 25. Qf2 Qxf2+ 26. Kxf2 Rd8 27. Bc5
d4 28. axb4 d3 29. cxd3 Bxd3 30. Rc1 c2 31. Rxa5 Rxa5 32. bxa5 Bf5 33. a6 Rd2+
34. Kg3 g5 35. a7 h5 36. a8=Q+ Kh7 37. h3 Bxh3 38. Kxh3 f5 39. Qa7+ Kg6 40. Bf8
g4+ 41. Kh4 f4 42. Qg7+ Kf5 43. Qg5# 1-0

[Event "Laval op"]
[Site "Laval CAN"]
[Date "2022.06.25"]
[Round "3.1"]
[White "Zheng, Richard"]
[Black "Rodrigue-Lemieux, Shawn"]
[Result "0-1"]
[WhiteElo "2083"]
[BlackElo "2366"]
[PlyCount "100"]
[EventDate "2022.06.24"]
[EventType "swiss"]
[EventRounds "5"]
[EventCountry "CAN"]

1. d4 Nf6 2. c4 e6 3. Nc3 Bb4 4. Qc2 O-O 5. a3 Bxc3+ 6. Qxc3 d6 7. Bg5 Nbd7 8.
f3 c5 9. dxc5 Nxc5 10. b4 Ncd7 11. e3 a5 12. Nh3 h6 13. Bh4 Qb6 14. Rd1 axb4
15. axb4 Ra4 16. Rb1 Qa7 17. Bf2 b6 18. Bd3 d5 19. O-O dxc4 20. Bxc4 Ba6 21.
Bxa6 Qxa6 22. Rfc1 Nd5 23. Qd4 Qb5 24. e4 Rxb4 25. Rxb4 Nxb4 26. Rb1 Rc8 27.
Qd2 Rc4 28. Kh1 Ne5 29. Qd8+ Kh7 30. Qxb6 Qa4 31. Bg3 Ned3 32. Qb7 f6 33. Nf4
Nxf4 34. Bxf4 Nd3 35. Bd6 Nc1 36. Qb6 Qd1+ 37. Qg1 Qc2 38. Rb4 Rc8 39. Rb8 Rc3
40. Be7 Rc7 41. Bd6 Rd7 42. Rb6 Ne2 43. Qf1 e5 44. g3 Ra7 45. Qb1 Qc3 46. Qb3
Qe1+ 47. Kg2 Qg1+ 48. Kh3 Qf1+ 49. Kh4 g5+ 50. Kg4 h5+ 0-1

[Event "Laval op"]
[Site "Laval CAN"]
[Date "2022.06.25"]
[Round "3.2"]
[White "Turcotte, Jonathan"]
[Black "Gutierrez, Renzo"]
[Result "1-0"]
[WhiteElo "1927"]
[BlackElo "2227"]
[PlyCount "91"]
[EventDate "2022.06.24"]
[EventType "swiss"]
[EventRounds "5"]
[EventCountry "CAN"]

1. d4 d5 2. c4 e6 3. Nf3 c6 4. Bg5 f6 5. Bd2 dxc4 6. e3 b5 7. a4 Bd7 8. axb5
cxb5 9. b3 cxb3 10. Qxb3 a6 11. Bd3 Nc6 12. O-O g6 13. Rc1 Nge7 14. Nc3 Kf7 15.
Ne4 Nd5 16. Nc5 Bxc5 17. Rxc5 Nce7 18. e4 Nb6 19. d5 Na4 20. Rc2 exd5 21. exd5
Kg7 22. Nd4 Rc8 23. Rac1 Qb6 24. Ne6+ Bxe6 25. dxe6 Rxc2 26. Rxc2 Rc8 27. Rxc8
Nxc8 28. Qd5 Qd6 29. Qb7+ Ne7 30. Qd7 Qa3 31. Qe8 Ng8 32. Qf7+ Kh8 33. Bf1 Qd6
34. Qd7 Qf8 35. Bf4 Nb6 36. Qc6 Nc4 37. Qxa6 Qc5 38. h3 g5 39. Bg3 f5 40. Bxc4
bxc4 41. Bd6 Qd4 42. e7 Nxe7 43. Bxe7 Kg7 44. Bxg5 c3 45. Qh6+ Kg8 46. Qe6+ 1-0

[Event "Laval op"]
[Site "Laval CAN"]
[Date "2022.06.25"]
[Round "3.3"]
[White "Clyde, Jordan"]
[Black "Zhong, Kevin"]
[Result "0-1"]
[WhiteElo "2139"]
[BlackElo "2145"]
[PlyCount "132"]
[EventDate "2022.06.24"]
[EventType "swiss"]
[EventRounds "5"]
[EventCountry "CAN"]

1. e4 c5 2. Nc3 Nc6 3. Bb5 Nd4 4. Nf3 a6 5. Bd3 g6 6. Nxd4 cxd4 7. Ne2 Bg7 8.
c3 dxc3 9. dxc3 d6 10. O-O Nf6 11. Nf4 O-O 12. Bc2 Bd7 13. Re1 Bc6 14. f3 e5
15. Nd3 Re8 16. c4 Rc8 17. Bd2 b5 18. Nb4 Bb7 19. cxb5 axb5 20. Qe2 Qb6+ 21.
Qf2 Qxf2+ 22. Kxf2 d5 23. Bd3 dxe4 24. Bxb5 Red8 25. Bc3 exf3 26. gxf3 e4 27.
Ba6 Bxa6 28. Nxa6 Nd5 29. Bxg7 e3+ 30. Rxe3 Nxe3 31. Kxe3 Kxg7 32. Nb4 Rd6 33.
a3 Re8+ 34. Kf4 Rd2 35. Nc6 Rxb2 36. Rd1 Ra2 37. Rd7 Rxa3 38. Nd8 Ra8 39. Nc6
Ra6 40. Nd4 Kf6 41. Kg3 Re5 42. h4 Ra1 43. Nc6 Re6 44. Nd8 Re7 45. Rd6+ Kg7 46.
h5 Rg1+ 47. Kf2 Rc1 48. hxg6 hxg6 49. Kg3 Rec7 50. Rb6 Rd1 51. Nb7 Rd3 52. Rd6
Rb3 53. Na5 Rb5 54. Rc6 Rd7 55. Nc4 Rd3 56. Rd6 Rxd6 57. Nxd6 Rb4 58. Ne8+ Kh6
59. Nd6 f5 60. Kh3 Kg5 61. Kg3 f4+ 62. Kh3 Rb3 63. Ne4+ Kf5 64. Kg2 Re3 65. Nf2
Re2 66. Kf1 Rxf2+ 0-1

[Event "Laval op"]
[Site "Laval CAN"]
[Date "2022.06.25"]
[Round "3.4"]
[White "Chiku-Ratte, Olivier-Kenta"]
[Black "Lopez Linares, Lizandro"]
[Result "1-0"]
[WhiteElo "2353"]
[BlackElo "2056"]
[PlyCount "75"]
[EventDate "2022.06.24"]
[EventType "swiss"]
[EventRounds "5"]
[EventCountry "CAN"]

1. d4 d5 2. Nf3 Nf6 3. g3 Bf5 4. Bg2 h6 5. c4 c6 6. Nc3 e6 7. O-O Nbd7 8. b3
Be7 9. Bb2 O-O 10. e3 a5 11. Re1 Bh7 12. Nd2 Qb6 13. Qe2 Rfe8 14. Rac1 Bf8 15.
f4 Qa7 16. a3 Rac8 17. g4 Bg6 18. Bf3 Bd6 19. h4 Nf8 20. c5 Bc7 21. g5 hxg5 22.
hxg5 N6d7 23. b4 b5 24. Kf2 f6 25. gxf6 Nxf6 26. Rg1 Bd8 27. Rg2 axb4 28. axb4
Qf7 29. Rcg1 Rc7 30. Ke1 N6h7 31. Rxg6 Nxg6 32. Bh5 Nhf8 33. Qg2 Kh7 34. Qh3
Kg8 35. Nf3 Qf6 36. Bxg6 Nxg6 37. Qh5 Kf7 38. Rxg6 1-0

[Event "Laval op"]
[Site "Laval CAN"]
[Date "2022.06.25"]
[Round "3.5"]
[White "Ouellet, Maili-Jade"]
[Black "Latorre, Vincent"]
[Result "1-0"]
[WhiteElo "2212"]
[BlackElo "1813"]
[PlyCount "103"]
[EventDate "2022.06.24"]
[EventType "swiss"]
[EventRounds "5"]
[EventCountry "CAN"]

1. d4 Nf6 2. c4 g6 3. Nc3 Bg7 4. e4 d6 5. f3 O-O 6. Be3 c5 7. Nge2 cxd4 8. Nxd4
Nc6 9. Qd2 Bd7 10. Be2 a6 11. O-O Rb8 12. Rfc1 b5 13. cxb5 Nxd4 14. Bxd4 axb5
15. b4 Bc6 16. a4 bxa4 17. b5 Ba8 18. Rxa4 Nd7 19. Be3 Nc5 20. Ra3 Ne6 21. Kh1
Bxc3 22. Raxc3 d5 23. exd5 Qxd5 24. Qe1 Rfd8 25. Qg3 Ng7 26. Ba7 Rb7 27. Rd3
Rxa7 28. Rxd5 Bxd5 29. Qe5 Nf5 30. Kg1 e6 31. Qc3 Ra2 32. Qc7 Rda8 33. Bf1 Rb2
34. Qe5 Rb3 35. Qc7 Rb2 36. b6 Rf8 37. Rc2 Rb1 38. Kf2 Nd4 39. Rd2 Nb3 40. Rxd5
Rb2+ 41. Kg1 exd5 42. Qc3 Rb1 43. Qc2 Nd2 44. Qxd2 Rxb6 45. Qxd5 Rb1 46. Kf2
Rb2+ 47. Kg3 Rfb8 48. Bc4 R8b7 49. h4 h5 50. Qe4 Kg7 51. Bd5 R2b4 52. Bxb7 1-0

[Event "Laval op"]
[Site "Laval CAN"]
[Date "2022.06.25"]
[Round "3.6"]
[White "Libersan, Thierry"]
[Black "Zhu, Hong Rui"]
[Result "1/2-1/2"]
[WhiteElo "1968"]
[BlackElo "2210"]
[PlyCount "145"]
[EventDate "2022.06.24"]
[EventType "swiss"]
[EventRounds "5"]
[EventCountry "CAN"]

1. d4 d5 2. Bf4 Nf6 3. e3 Bf5 4. c4 c6 5. Nc3 e6 6. Qb3 Qb6 7. c5 Qxb3 8. axb3
Nbd7 9. b4 Nh5 10. Nf3 f6 11. h3 Nxf4 12. exf4 g5 13. fxg5 fxg5 14. g4 Bg6 15.
Nxg5 Bh6 16. Nxe6 Kf7 17. g5 Rae8 18. gxh6 Rxe6+ 19. Kd2 a6 20. Rg1 Rf6 21. Rg2
Rf4 22. Ne2 Rh4 23. Rg4 Rxh6 24. Rf4+ Kg7 25. Ng3 Rf8 26. Rxf8 Nxf8 27. Re1 Kf6
28. Re3 Ne6 29. Ne2 Rh4 30. Kc3 Nc7 31. Nc1 Rf4 32. f3 Rh4 33. Nb3 Bf5 34. Na5
Bc8 35. Re5 Ne6 36. Re3 Kf7 37. Nb3 Ng7 38. b5 axb5 39. Kb4 Nf5 40. Rd3 Ke7 41.
Ka5 Kd8 42. Kb6 Ng3 43. Bg2 Ne2 44. Rd2 Nf4 45. Na5 Ne6 46. Nxb7+ Bxb7 47. Kxb7
Nxd4 48. Rd3 Kd7 49. Kb6 Nc2 50. Bf1 Rf4 51. Rc3 Nd4 52. Bg2 b4 53. Re3 Ne6 54.
Bf1 Nd4 55. Bg2 Rf8 56. Re5 Rb8+ 57. Ka7 Rg8 58. Bf1 Ne6 59. Kb6 Rb8+ 60. Ka7
Rf8 61. Kb6 Rxf3 62. Be2 Rf6 63. Bg4 h6 64. b3 Rg6 65. Ka5 Rxg4 66. hxg4 Nxc5
67. Rh5 Nxb3+ 68. Kxb4 Nd4 69. Rxh6 Ne6 70. Rf6 Kd6 71. Rf5 Ng7 72. Rf7 Ne6 73.
Rf5 1/2-1/2